000
002890000a22001090004500
090
_a
AS
_b
Seriadas
245
1
0
_a
Nuevas especies colombianas del género Inga
041
0
_a
Español
100
1
_a
Uribe Uribe, Lorenzo
_9
96776
942
_c
ARTICULO
773
1
_t
Caldasia
_3
45
_h
8
_q
241-250
_d
1943
_g
2
999
_c
14965
_d
14965